MARC details
| 000 -CABECERA |
| campo de control de longitud fija |
01860nam a2200349 i 4500 |
| 003 - IDENTIFICADOR DEL NÚMERO DE CONTROL |
| campo de control |
DO-SdBNP |
| 005 - FECHA Y HORA DE LA ÚLTIMA TRANSACCIÓN |
| campo de control |
20250116073946.0 |
| 006 - CÓDIGOS DE INFORMACIÓN DE LONGITUD FIJA--CARACTERÍSTICAS DEL MATERIAL ADICIONAL |
| campo de control de longitud fija |
a||||br|||| 00| 0 |
| 007 - CAMPO FIJO DE DESCRIPCIÓN FÍSICA--INFORMACIÓN GENERAL |
| campo de control de longitud fija |
ta |
| 008 - DATOS DE LONGITUD FIJA--INFORMACIÓN GENERAL |
| campo de control de longitud fija |
240509t1994 dr adb|| |||| 00| 0 spa d |
| 040 ## - FUENTE DE LA CATALOGACIÓN |
| Centro catalogador/agencia de origen |
DO-SdBNP |
| Lengua de catalogación |
spa |
| Centro/agencia transcriptor |
BNPHU |
| Normas de descripción |
rda |
| 082 #4 - NÚMERO DE LA CLASIFICACIÓN DECIMAL DEWEY |
| Número de edición |
22 |
| Número de documento/Ítem |
J58m 1994 |
| 100 ## - ENTRADA PRINCIPAL--NOMBRE DE PERSONA |
| Nombre de persona |
Js. Morales, Mariana, de, |
| Término indicativo de función/relación |
autora |
| 9 (RLIN) |
85426 |
| 245 10 - MENCIÓN DE TÍTULO |
| Título |
Matemática y ciencias naturales 6º: |
| Resto del título |
libro del alumno / |
| Mención de responsabilidad, etc. |
Mariana de Js. Morales, Rafael Guillermo Díaz, Elfrida Pimentel, Mirian Astacio. |
| 246 11 - FORMA VARIANTE DE TÍTULO |
| Título propio/Titulo breve |
Matemática y ciencias naturales sexto: |
| Resto del título |
libro del alumno / |
| 264 #4 - PRODUCCIÓN, PUBLICACIÓN, DISTRIBUCIÓN, FABRICACIÓN Y COPYRIGHT |
| Producción, publicación, distribución, fabricación y copyright |
[Santo Domingo] : |
| Nombre del de productor, editor, distribuidor, fabricante |
Programa de Mejoramiento de la Educación Básica, |
| Fecha de producción, publicación, distribución, fabricación o copyright |
©1994 |
| 300 ## - DESCRIPCIÓN FÍSICA |
| Extensión |
126, 82 páginas : |
| Otras características físicas |
ilustraciones, gráficas, mapas ; |
| Dimensiones |
26 cm. |
| 336 ## - TIPO DE CONTENIDO |
| Fuente |
rdacontent |
| Término de tipo de contenido |
texto |
| Código de tipo de contenido |
txt |
| 337 ## - TIPO DE MEDIO |
| Fuente |
rdamedia |
| Nombre/término del tipo de medio |
sin mediación |
| Código del tipo de medio |
n |
| 338 ## - TIPO DE SOPORTE |
| Fuente |
rdacarrier |
| Nombre/término del tipo de soporte |
volumen |
| Código del tipo de soporte |
nc |
| 501 ## - NOTA DE "CON" |
| Nota de “Con” |
Con: Matemática, páginas 1 - 126 / Mariana de Js. Morales, Rafael Guillermo Díaz.<br/>Con: Ciencias Naturales, páginas [126] 1 - 82 / Elfrida Pimentel, Mirian Astacio. |
| 505 ## - NOTA DE CONTENIDO CON FORMATO |
| Nota de contenido con formato |
Matemática / |
| Mención de responsabilidad |
Mariana de Js. Morales y Rafael Guillermo Díaz. |
| 505 ## - NOTA DE CONTENIDO CON FORMATO |
| Nota de contenido con formato |
Ciencias Naturales / |
| Mención de responsabilidad |
Elfrida Pimentel, Mirian Astacio.<br/> |
| Título |
Primera Unidad. Nuestro Ambiente.-- |
| -- |
Segunda Unidad. Efectos del Clima en la Comunidad.-- |
| -- |
Tercera Unidad. La Agropecuaria en la República Dominicana. |
| 590 ## - NOTA LOCAL (RLIN) |
| Nota local |
Inventariado 2024 / MF |
| 650 #4 - PUNTO DE ACCESO ADICIONAL DE MATERIA--TÉRMINO DE MATERIA |
| Término de materia o nombre geográfico como elemento de entrada |
Ciencias Naturales |
| Subdivisión de forma |
Libro de texto |
| 9 (RLIN) |
84058 |
| 650 #4 - PUNTO DE ACCESO ADICIONAL DE MATERIA--TÉRMINO DE MATERIA |
| Término de materia o nombre geográfico como elemento de entrada |
Matemáticas |
| Subdivisión general |
Libros textos |
| 9 (RLIN) |
81233 |
| 700 1# - PUNTO DE ACCESO ADICIONAL--NOMBRE DE PERSONA |
| Nombre de persona |
Guillermo Díaz, Rafael, |
| Término indicativo de función/relación |
autor |
| Título de la obra |
Matemática 6º |
| 9 (RLIN) |
85427 |
| 700 1# - PUNTO DE ACCESO ADICIONAL--NOMBRE DE PERSONA |
| Nombre de persona |
Pimentel, Elfrida |
| 9 (RLIN) |
344 |
| Término indicativo de función/relación |
autora |
| Título de la obra |
Ciencas Natutales 6º |
| 700 1# - PUNTO DE ACCESO ADICIONAL--NOMBRE DE PERSONA |
| Nombre de persona |
Astacio, Mirian |
| Término indicativo de función/relación |
autora |
| Título de la obra |
Ciencas Natutales 6º |
| 9 (RLIN) |
85428 |
| 710 1# - PUNTO DE ACCESO ADICIONAL--NOMBRE DE ENTIDAD CORPORATIVA |
| Nombre de entidad corporativa o nombre de jurisdicción como elemento de entrada |
República Dominicana. |
| Unidad subordinada |
Secretaría de Estado de Educación, Bellas Artes y Cultos |
| 9 (RLIN) |
23965 |
| 942 ## - ELEMENTOS DE PUNTO DE ACCESO ADICIONAL (KOHA) |
| Fuente del sistema de clasificación o colocación |
Dewey Decimal Classification |
| Tipo de ítem Koha |
Libro |